000
00232nam a2200097Ia 4500
008
240321s9999 xx 000 0 und d
082
_a
724.6
_b
JOD
100
_a
Jodidio, Philip
245
0
_a
Architecture: art
260
_b
Prestel Verlag
999
_c
59519
_d
59519